100 Najlepszych Piłkarzy w 2021 roku - Statystyki

Ogólne statystyki
  • Ten quiz został rozwiązany 311 razy
  • Średni wynik to 31 z 100
Statystyki odpowiedzi
# Club Player % Poprawnych
2 Paris Saint-Germain Lionel Messi
96%
1 Bayern Munich Robert Lewandowski
96%
6 Paris Saint-Germain Kylian Mbappé
93%
3 Liverpool Mohamed Salah
89%
8 Manchester United Cristiano Ronaldo
85%
4 Real Madrid Karim Benzema
82%
13 Paris Saint-Germain Neymar
82%
15 Tottenham Hotspur Harry Kane
76%
7 Borussia Dortmund Erling Haaland
75%
10 Manchester City Kevin De Bruyne
63%
31 Real Madrid Vinícius Júnior
58%
23 Liverpool Sadio Mané
55%
9 Chelsea N'Golo Kanté
53%
39 Tottenham Hotspur Son Heung-min
53%
43 Liverpool Virgil van Dijk
49%
40 Real Madrid Luka Modric
48%
28 Bayern Munich Thomas Müller
46%
45 Manchester City Bernardo Silva
44%
11 Chelsea Romelu Lukaku
44%
58 Chelsea Thiago Silva
44%
76 Atlético Madrid Antoine Griezmann
43%
47 Chelsea Kai Havertz
43%
53 Real Madrid Thibaut Courtois
43%
12 Paris Saint-Germain Gianluigi Donnarumma
42%
16 Manchester United Bruno Fernandes
41%
19 Atlético Madrid Luis Suárez
40%
36 Bayern Munich Manuel Neuer
40%
75 Manchester City Ederson
39%
18 Bayern Munich Joshua Kimmich
39%
72 Borussia Dortmund Jude Bellingham
38%
30 Inter Milan Lautaro Martínez
38%
21 Barcelona Pedri
38%
67 Liverpool Alisson
37%
52 Aston Villa Emiliano Martínez
36%
92 Manchester City Rodri
35%
14 Manchester City Rúben Dias
35%
25 Manchester City Phil Foden
34%
20 Chelsea Édouard Mendy
31%
98 Barcelona Gavi
31%
5 Chelsea Jorginho
30%
37 Paris Saint-Germain Marco Verratti
30%
80 Liverpool Roberto Firmino
30%
65 Real Madrid Toni Kroos
30%
61 Manchester City Jack Grealish
29%
27 Chelsea Mason Mount
29%
69 Manchester United Paul Pogba
28%
29 Manchester City Raheem Sterling
28%
41 Bayern Munich Serge Gnabry
28%
17 Juventus Federico Chiesa
27%
32 Paris Saint-Germain Ángel Di María
26%
33 Atlético Madrid Jan Oblak
26%
38 Paris Saint-Germain Achraf Hakimi
25%
74 Manchester City Kyle Walker
25%
34 Liverpool Trent Alexander-Arnold
25%
56 AC Milan Zlatan Ibrahimovic
25%
66 Lazio Ciro Immobile
24%
48 Chelsea Antonio Rüdiger
23%
95 Arsenal Bukayo Saka
23%
35 Manchester City Ilkay Gündogan
23%
68 Real Madrid Casemiro
22%
55 Real Madrid David Alaba
22%
87 Porto Luis Díaz
22%
60 Manchester City Riyad Mahrez
22%
42 Bayern Munich Alphonso Davies
20%
57 Fiorentina Dusan Vlahovic
20%
84 Atlético Madrid João Félix
20%
22 Juventus Leonardo Bonucci
20%
44 Paris Saint-Germain Marquinhos
20%
24 Juventus Giorgio Chiellini
19%
63 Manchester City João Cancelo
19%
64 Bayern Munich Leon Goretzka
19%
70 Chelsea Reece James
19%
91 River Plate Julián Álvarez
17%
49 Barcelona Memphis Depay
16%
59 West Ham United Declan Rice
15%
51 Villareal Gerard Moreno
15%
94 Paris Saint-Germain Keylor Navas
15%
26 Inter Milan Nicolò Barella
15%
82 Barcelona Sergio Busquets
15%
62 Napoli Lorenzo Insigne
13%
88 Liverpool Diogo Jota
12%
50 Chelsea César Azpilicueta
10%
97 Liverpool Fabinho
10%
89 Ajax Dusan Tadic
9%
83 Atalanta Duván Zapata
8%
78 Manchester United Luke Shaw
8%
86 Real Sociedad Mikel Oyarzabal
8%
90 RB Leipzig Dani Olmo
7%
46 Atlético Madrid Rodrigo De Paul
7%
71 Atlético Madrid Marcos Llorente
6%
79 Bayer Leverkusen Patrik Schick
6%
77 Leicester City Kasper Schmeichel
5%
100 Tottenham Hotspur Pierre-Emile Højbjerg
5%
93 Ajax Sébastien Haller
5%
99 Leicester City Youri Tielemans
5%
73 Roma Leonardo Spinazzola
4%
85 Lille Burak Yilmaz
3%
81 Inter Milan Marcelo Brozovic
3%
54 AC Milan Simon Kjær
2%
96 Atalanta Joakim Mæhle
1%
Nie znaleziono quizów pasujących do podanych kryteriów
Rozkład punktacji
Procent ludzi z każdym wynikiem
Percentyl według liczby udzielonych odpowiedzi
Twoja historia wyników
Nie rozwiązałeś tego quizu